000 00805cam a2200313 4500
001 ABS67716
008 040426n2004 000 0 eng u
035 _a(Sirsi) u125941
245 _aFocus 1: Lancashire and Cumbria
260 _c2004
490 _aEstates Gazette
_v(0414) 3 April 2004, 63-81(10)
590 _aABS
590 _aABS
650 _aLANCASHIRE
650 _aCUMBRIA
650 _aBOLTON
650 _aPRESTON
650 _aWORKINGTON
650 _aM65
650 _aLEISURE MARKET
650 _aPROPERTY-COMMERCIAL PROPERTY-RETAIL PROPERTY-RETAIL PROPERTY MARKET
650 _aINDUSTRIAL MARKET
650 _aOFFICE MARKET
650 _aLYTHAM ST ANNE'S
650 _aBLACKPOOL
650 _aCARLISLE
690 _aCOMMERCIAL PROPERTY-MARKET
942 _n0
999 _c117238
_d117238